<?xml version="1.0" encoding="UTF-8"?>
<record
    xmlns:xsi="http://www.w3.org/2001/XMLSchema-instance"
    xsi:schemaLocation="http://www.loc.gov/MARC21/slim http://www.loc.gov/standards/marcxml/schema/MARC21slim.xsd"
    xmlns="http://www.loc.gov/MARC21/slim">

  <leader>00346nam a2200133Ia 4500</leader>
  <controlfield tag="008">220530s9999    xx            000 0 und d</controlfield>
  <datafield tag="041" ind1=" " ind2=" ">
    <subfield code="a">eng</subfield>
  </datafield>
  <datafield tag="082" ind1=" " ind2=" ">
    <subfield code="a">510</subfield>
    <subfield code="b">DES</subfield>
  </datafield>
  <datafield tag="100" ind1=" " ind2=" ">
    <subfield code="a">Deshmukh D T</subfield>
    <subfield code="9">56787</subfield>
  </datafield>
  <datafield tag="245" ind1=" " ind2=" ">
    <subfield code="a">A Text Book of Engineering Mathematics Vol II</subfield>
  </datafield>
  <datafield tag="260" ind1=" " ind2=" ">
    <subfield code="a">Nagpur</subfield>
    <subfield code="b">Surya Offsett</subfield>
    <subfield code="c">2011</subfield>
  </datafield>
  <datafield tag="300" ind1=" " ind2=" ">
    <subfield code="a">968 P</subfield>
    <subfield code="b">PB</subfield>
  </datafield>
  <datafield tag="906" ind1=" " ind2=" ">
    <subfield code="a">52.5</subfield>
    <subfield code="b">GB</subfield>
  </datafield>
  <datafield tag="999" ind1=" " ind2=" ">
    <subfield code="c">51440</subfield>
    <subfield code="d">51440</subfield>
  </datafield>
  <datafield tag="952" ind1=" " ind2=" ">
    <subfield code="0">0</subfield>
    <subfield code="1">0</subfield>
    <subfield code="4">0</subfield>
    <subfield code="7">0</subfield>
    <subfield code="8">Allied Science</subfield>
    <subfield code="a">CEWN</subfield>
    <subfield code="b">CEWN</subfield>
    <subfield code="d">2013-01-18</subfield>
    <subfield code="e">Book Source</subfield>
    <subfield code="g">350.00</subfield>
    <subfield code="o">510/DES/ </subfield>
    <subfield code="p">CEWN-BK-3903</subfield>
    <subfield code="r">2022-05-30 00:00:00</subfield>
    <subfield code="v">297.50</subfield>
    <subfield code="w">2022-05-30</subfield>
    <subfield code="y">BK</subfield>
    <subfield code="z">003903</subfield>
  </datafield>
</record>
